logo

Bir Sreshtho Munshi Abdur Rouf Library
Jhenaidah Cadet College

EnerGy / (Record no. 8736)

MARC details
000 -LEADER
fixed length control field 00522nam a22002177a 4500
001 - CONTROL NUMBER
JCCL Control Number 8736
003 - CONTROL NUMBER IDENTIFIER
JCCL marc code BD-JhCC
005 - DATE AND TIME OF LATEST TRANSACTION
control field 20180303120413.0
008 - FIXED-LENGTH DATA ELEMENTS--GENERAL INFORMATION
fixed length control field 180303b1962 En ||||| |||| 00| 0 eng d
035 ## - SYSTEM CONTROL NUMBER
system control number (BD-JhCC)8736
040 ## - CATALOGING SOURCE
Original cataloging agency BD-JhCC
Modifying agency BD-JhCC
041 ## - LANGUAGE CODE
Language code of Book eng
082 ## - DEWEY DECIMAL CLASSIFICATION NUMBER
Classification number 621.48
Author mark and Year 1962
100 ## - MAIN ENTRY--PERSONAL NAME
Personal name Laver, F. J. M.
245 ## - TITLE STATEMENT
Title EnerGy /
Statement of responsibility, etc F. J. M. Laver
260 ## - PUBLICATION, DISTRIBUTION, ETC. (IMPRINT)
Place of publication, distribution, etc ENG :
Name of publisher, distributor, etc Oxford University Press
Date of publication, distribution, etc 1962.
300 ## - PHYSICAL DESCRIPTION
Pagination 78 p. :
Dimensions 20 cm.
650 ## - SUBJECT ADDED ENTRY--TOPICAL TERM
Topical term or geographic name as entry element Nvclear energy
942 ## - ADDED ENTRY ELEMENTS (KOHA)
Source of classification or shelving scheme Dewey Decimal Classification
Koha item type Books
Holdings
Source of classification or shelving scheme Damaged status Not for loan Home library Current library Date of accession Full call number Barcode Date last seen Copy number Koha item type
Dewey Decimal Classification     JCC Rouf Library JCC Rouf Library 03/03/2018 621.48 LAV 1962 11494 03/03/2018 C-1 Books

JCC Library | Contacts | JCC Home

Last Update on 23 September 2017
Copyright @ 2017-2020 JCC Rouf Library
Rouf Library, Jhenidah Cadet College (JCC), Bangladesh